00901nam a2200253 a 450000100100000000500170001000800410002704000250006808200230009310000460011624500640016225000110022626000350023730000200027249000460029250000330033865000290037165000310040083000560043191000070048704900090049495201270050399900170063000002001620200929170230.0100712s1969 sp 001 p spa d aDO-SdBNPbspacBNPHU a861.6bP393a, 19691 aPemán, José María,d1897-19819819113aAntología de poesía lírica /cJosé María Pemán. a3a ed. aMadrid :bEspasa-Calpe,c1969. a143p. ;c18 cm.1 aAustral. Violeta: teatro y poesíav1240 aIncluye índice de autores. 4aPoesía española9631 4aLiteratura española9632 0aAustral.pVioleta: teatro y poesía ;v1240939559 aWM aBNGR 001054708MOaGRbGRcHDd2010-07-12iLF1l0o861.6 P393a, 1969p20016-10r2020-06-25w2020-06-25y4ZPréstamo en sala c19528d19528